Normal view
MARC view
Entry Topical Term
001 - CONTROL NUMBER
- control field: 33465
003 - CONTROL NUMBER IDENTIFIER
- control field: ARRUPE
005 - DATE AND TIME OF LATEST TRANSACTION
- control field: 20170724101120.0
008 - FIXED-LENGTH DATA ELEMENTS
- fixed length control field: 170724|| aca||aabn | a|a d
040 ## - CATALOGING SOURCE
- Original cataloging agency: ARRUPE
- Transcribing agency: ARRUPE
150 ## - HEADING--TOPICAL TERM
- Topical term or geographic name as entry element: Clergy
- General subdivision: Religious life
670 ## - SOURCE DATA FOUND
- Source citation: Work cat.: (ARRUPE): Nelson, Alan E. 33464, Spirituality and leadership, 2016